000 006860000a22001690004500
090 _aAR
_b01019
111 2 _aForo Latinoamericano de Biodiversidad
_lSanta Marta
_994101
245 1 0 _aNouveau mode de gestion de la riviére ou la création d'un lie de négociation: a new way of river management or the creation of a locus for mediation
650 1 4 _aGestión ambiental
_992206
650 1 4 _aRíos
_992849
650 1 4 _aRecursos hídricos
_992528
651 4 _lWallone
_pBelgica
_992749
041 0 _aFrancés
100 1 _aDasnoy, Christine
_994222
942 _cARTICULO
773 1 _tGestion des Territoires Ruraux: Connaissances et Méthodes Pour la Décision Publique
_3369
_q1-13
_d1998
999 _c10107
_d10107